000 00475nam a22001697a 4500
005 20170125161010.0
010 _a ENG-117183
020 _a9788193223208
_c150.00
035 _aEN-100715
037 _bDBAD/PUB
082 _a658.3
245 _aHuman resource management /
_cby K.K. Singh
260 _aFaridabad
_bMaheshwari Prakashan
_c2016
270 _a911/7C
_bFaridabad
_e121006
300 _axiv,112p.
_c25cm(pbk)
942 _2ddc
_cEN
_h658.3
_mSIN
999 _c137246
_d137246